Cooperativismo- Sindicalismo. El Movimiento de los trabajadores y el sindicalismo y el cooperativismo. Parte II /

保存先:
書誌詳細
共著者: CMT, CLASC FCL ILATES
フォーマット: テキスト
出版事項: Caracas: CMT
タグ: タグ追加
タグなし, このレコードへの初めてのタグを付けませんか!

MARC

LEADER 00000 a a2200000 04500
001 25964
003
040
090 |a 182507  
110 |a CMT  
245 |a Cooperativismo- Sindicalismo. El Movimiento de los trabajadores y el sindicalismo y el cooperativismo. Parte II /  |c CMT  
260 |a Caracas:   |b CMT  
300 |a p. irreg.   |b fonodiscos   |b escudos de armas  
710 |a CLASC   |a FCL   |a ILATES  
999 |c 10605  |d 10605